Welcome to the Holygrace Academy Library

Please use search bar below to get started

POPULAR STORIES FROM CLASSICS (Record no. 3930)

MARC details
000 -LEADER
fixed length control field 00353nam a22001457a 4500
020 ## - INTERNATIONAL STANDARD BOOK NUMBER
ISBN 978-93-8192-552-2
082 ## - DEWEY DECIMAL CLASSIFICATION NUMBER
Classification number 823
Item number PAR/P
100 ## - MAIN ENTRY--AUTHOR NAME
Personal name PARTHASARATHY K
245 ## - TITLE STATEMENT
Title POPULAR STORIES FROM CLASSICS
Remainder of title SHORT STORY
260 ## - PUBLICATION, DISTRIBUTION, ETC. (IMPRINT)
Place of publication CHENNAI
Name of publisher SMILE PUBLISHING LTD
Year of publication 2012
300 ## - PHYSICAL DESCRIPTION
Number of Pages 127
520 ## - SUMMARY, ETC.
Summary, etc SHORT STORY
650 ## - SUBJECT ADDED ENTRY--TOPICAL TERM
Topical Term SHORT STORY
942 ## - ADDED ENTRY ELEMENTS (KOHA)
Koha item type Books
Holdings
Withdrawn status Lost status Collection code Home library Current library Shelving location Date acquired Source of acquisition Cost, normal purchase price Full call number Accession Number Koha item type
    Fiction Main Library Main Library SHELF 4-J ENGLISH SHORT STORIES 06/01/2017 CONTRIBUTION 75.00 823 PAR/P 09973 Books